| 000 | 01277cam a22003375a 4500 | ||
|---|---|---|---|
| 999 |
_c21979 _d21951 |
||
| 001 | 010981579 | ||
| 003 | EG-ScBUE | ||
| 005 | 20200203105202.0 | ||
| 008 | 011218s2002 nyu f b 001 0 eng d | ||
| 020 | _a041593883X | ||
| 020 | _a9780415938839 | ||
| 040 |
_aStDuBDS _beng _erda _dUk _dEG-ScBUE _dEG-ScBUE _cEG-ScBUE |
||
| 082 | 0 | 4 |
_a809.31 _bMAY _222 |
| 100 | 1 |
_aMay, Charles E. _q(Charles Edward), _d1941- _eauthor. _940353 |
|
| 245 | 1 | 4 |
_aThe short story : _bthe reality of artifice / _cCharles E. May. |
| 250 | _aFirst Routledge paperback edition. | ||
| 264 | 1 |
_aNew York, NY : _bRoutledge, Taylor and Francis Group, _c2002. |
|
| 300 |
_axx, 160 pages ; _c23 cm. |
||
| 336 |
_2rdacontent _atext _btxt |
||
| 337 |
_2rdamedia _aunmediated _bn |
||
| 338 |
_2rdacarrier _avolume _bnc |
||
| 490 | 0 | _aGenres in context | |
| 504 | _aIncludes bibliographical references and index. | ||
| 520 | _aThis text reaches back to Boccaccio and Cervantes to find the short story's roots, then focuses on the 19th century, when the short story began in what we recognise as its modern form. | ||
| 650 | 7 |
_aShort story. _2BUEsh _930646 |
|
| 651 | _2BUEsh | ||
| 653 | _cJuly2016 | ||
| 653 |
_bHHUUEENN _cSeptember2017 |
||
| 655 | _vReading book | ||
| 942 |
_2ddc _e22 _k809.31 MAY _cBB |
||